000 00552aam a2200229 4500
005 20240808192948.0
008 150318b xxu||||| |||| 00| 0 spa d
020 _a9788408112631
041 _aESP
082 _a813.54 H685can
100 _aHocking, Amanda
_9486
245 _aCanción de mar: olas
260 _aMéxico
260 _bPlaneta
260 _c2013
300 _a377 páginas
440 _aSirenas
650 _aLITERATURA ESTADOUNIDENSE
650 _aNOVELA ESTADOUNIDENSE
650 _aNOVELA ROMÁNTICA
942 _cLIT
_2ddc
999 _c4029
_d4029